Curso de Bienes y Derechos Reales

Detalles Bibliográficos
Autor principal: Domn̕guez Guillň, Mara̕ Candelaria
Otros Autores: Přez Fernǹdez, Carlos
Formato: eBook
Lenguaje:español
Publicado: Caracas: Revista Venezolana de Legislacin̤ y Jurisprudencia, 2022
Materias:
Acceso en línea:Acceso restringido

MARC

LEADER 00000nam a22000007a 4500
005 20220921005640.0
007 cr|||| ||||
008 220921s2022 ve |||||s|||| 00||0 spa d
020 |a 978-980-7561-17-4 
035 |a 37258 
040 |a vLex 
090 |c 14008  |d 14008 
100 1 |a Domn̕guez Guillň, Mara̕ Candelaria 
245 1 0 |a Curso de Bienes y Derechos Reales  |h [Recurso electrn̤ico] /  |c Mara̕ Candelaria Domn̕guez Guillň, Carlos Přez Fernǹdez 
256 |a Servicio en ln̕ea 
260 |a Caracas:  |b Revista Venezolana de Legislacin̤ y Jurisprudencia,  |c 2022 
300 |a 1 recurso electrn̤ico 
506 1 |a Disponible solo en los productos indicados  |d vLex Global  |d vLex Global (Academic Edition, excluding Law Schools)  |d vLex Global (U.S. Academic Edition, Law Schools)  |d vLex Global (U.S. Academic Edition, excluding Law Schools)  |d vLex Global (Academic Edition, Law Schools) 
650 0 4 |a Derecho Civil  |z Venezuela 
700 1 |a Přez Fernǹdez, Carlos 
740 0 |a vLex Libros (Servicio en ln̕ea) 
856 4 0 |u https://app.vlex.com/#/sources/37258  |z Acceso restringido 
942 |c BOOK 
999 0 |a Civil Law